000 01372nam a22003017i 4500
999 _c22738
_d22738
003 AR-CdUCM
008 231025b20202020pe ad||| |||| 001 0 spa d
040 _aMUNICIPALIDAD PROVINCIAL DEL CUSCO
_cBIBLIOTECA MUNICIPAL DEL CUSCO
041 _hspa
082 _a631.47 / Q77
_bQ77
100 _aQuispe Flores, Policarpo
_949005
245 _aSuelos Tropicales del Sur Oriente de Perú :
_bMiscelánea en relación con la producción agrícola y sesgo intercultural Andino Amazónico /
260 _aLa Convención-Cusco :
_bUniversidad Nacional Intercultural de Quillabamba,
_c2020.
300 _a99 páginas. :
_c29 cm.
500 _zNota bibliográfica páginas 95-99
505 _aDescripción litológica -- Grupo paleozoico, Arcaico, mesozoico -- Agua disponible -- Agua aprovechable -- Sombra no controlada -- Uso de micronutrientes en la fertilización -- Potencial de hidrogeniones -- Suelos tropicales en la selva alta y baja
650 _aLitología
_949077
650 _aManejo de suelos
_949078
650 _a Uso de abonos
_949079
650 _aMicronutrientes de suelos
_949080
650 _a Lámina neta de riego
_949081
650 _aAguas aprovechables y no aprovechables
_949082
650 _a Taxonomía
_918622
650 _aPrecerámico
_923312
856 _fhttp://www.uniq.edu.pe
942 _2ddc
_cLIBROS
945 _a pebm
_d2023-10-25